000 01308nam a2200313 c 4500
003 BLK
005 20250801124352.0
008 180409b bul|||||r ||||||| ||bul||
010 _aKNG00143938000
020 _a978-954-09-0636-2
_bиздат.: Захарий Стоянов
040 _aBLK
041 _aBUL
_cBUL
072 7 _2bullib
_aН84
_xБългарска художествена литература Н
080 _aБългарска литература
_b821.163.2
_x-32
_z821.163.2-32
100 _aЙовков, Йордан Стефанов
_d1880-1937
_gПисател класик - белетрист, драматург, майстор на късия разказ
_9363298
139 _aЙовков, Йордан Стефанов
_bИ 77
245 1 0 _aАлбена
_bИзбрано : Разкази
_cЙордан Стефанов Йовков.
257 _aBGR
260 София
_bЗахарий Стоянов
_c2011
_fСофия : Унив. изд. Св. Климент Охридски
300 _a335 с.
_c21 см
380 _aX
659 _aН
852 _aЦб 259905
856 4 _qpdf
_u
856 4 _qpdf
_u
942 _cKNG
_n0
_073
944 _aCR
_c12.06.2013
_lЦветелина Шанова
_k30531
944 _aED
_c27.09.2013
_lф /
_k
999 _c137959
_d137959